00575nam a2200181 a 450000100100000000500170001000800410002702000150006804000250008308200150010810000200012324500720014324600590021526000290027430000280030349000310033183000310036200003586520200930074657.0111115s1975 sp a 000 0 spa d a8435900967 aDO-SdBNPbspacBNPHU axxxbM358c1 aMarrero, Carmen10a40 lecciones de historia de la lengua española /cCarmen Marrero.1 aCuarenta lecciones de historia de la lengua española aMadrid :bPlayor,c1975. a155 p. :bil. ;c21 cm.1 aSerie de la comunicación 0aSerie de la comunicación